Normal view
MARC view
- Supervisor Dr Mazhar Abbass Co Supervisor Dr Faiz Ul Islam
Entry Corporate Name
001 - CONTROL NUMBER
- control field: 119853
003 - CONTROL NUMBER IDENTIFIER
- control field: NUST
005 - DATE AND TIME OF LATEST TRANSACTION
- control field: 20240105151718.0
008 - FIXED-LENGTH DATA ELEMENTS
- fixed length control field: 240105|| aca||aabn | a|a d
040 ## - CATALOGING SOURCE
- Original cataloging agency: NUST
- Transcribing agency: NUST
110 ## - HEADING--CORPORATE NAME
- Corporate name or jurisdiction name as entry element: Supervisor Dr Mazhar Abbass Co Supervisor Dr Faiz Ul Islam
670 ## - SOURCE DATA FOUND
- Source citation: Work cat.: (NUST)607384: Abdul Moiz Muhammad Ahmed Yousaf Muhammad Haroon Bangash Talha Bin Riaz 119843, PR-SOF-2267-Generalised Automated Welding Machine Using Deep Learning, 2023
